000 00460nam a2200181Ia 4500
003 GCL
008 140319s9999 xx 000 0 eng d
040 _aGCL /
_cGCL
082 0 4 _a751.422
_bW W
100 1 _aWAGNER, JUDI
245 1 0 _aTHE WATERCOLOR FIX IT BOOK /
_cWAGNER, JUDI
700 1 _aVAN HASSELT, TONY
260 _a[S.N] :
_bNORTH LIGHT BOOKS ،
_c1992
300 _a132 PP
650 0 4 _aPAINTING
650 0 4 _aWATER COLOURS
942 _2ddc
_cBK
999 _c18931
_d18931